| 000 | 01209nam a22003137a 4500 | ||
|---|---|---|---|
| 005 | 20240530110605.0 | ||
| 008 | 161030s2014 ua f b 000 0 ara d | ||
| 017 |
_a2014/7383 _bمصر. دار الكتب |
||
| 020 | _a9772329663 | ||
| 040 |
_aEG-CaGPL _cEG-CaGPL |
||
| 082 |
_221 _a320.962 _bق/م ص |
||
| 100 | 0 | _aمحمد احمد درويش | |
| 245 | 1 | 2 |
_aالصراع الفكرى و السياسى فى مصر : _bصراع على هوية مصر / _cمحمد احمد درويش |
| 250 | _aط. 1 | ||
| 260 |
_aالقاهرة : _bعالم الكتب ، _c2014 . |
||
| 300 |
_a330 ص. ؛ _c24 سم. |
||
| 504 | _aيشتمل على ارجاعات ببليوجرافية | ||
| 650 | 0 | 7 |
_2qrmak _aالقيم الاجتماعية |
| 650 | 0 | 7 |
_2qrmak _aالقيم الاخلاقية |
| 650 | 0 | 7 |
_2qrmak _aالتعصب الدينى |
| 650 | 0 | 7 |
_2qrmak _aالتعصب السياسى |
| 650 | 0 | 7 |
_2qrmak _aالتطرف الدينى |
| 650 | 0 | 7 |
_2qrmak _aالارهاب |
| 651 | 0 | 7 |
_2qrmak _aمصر _xالاحوال السياسية |
| 651 | 0 | 7 |
_2qrmak _aمصر _xتاريخ |
| 651 | 0 | 7 |
_2qrmak _aمصر _xالاحوال الفكرية |
| 942 |
_2ddc _cBK |
||
| 999 |
_c62734 _d62734 |
||